| 000 | 01953nam0a2200361 4500 | ||
|---|---|---|---|
| 001 | RU\NLR\bibl\83304 | ||
| 005 | 20250616105150.0 | ||
| 010 |
_a5-7629-0144-0 _980 |
||
| 021 |
_aRU _b1998-11270 _9532 |
||
| 035 | _a(NLR Aleph) 000081359 | ||
| 090 |
_a453114 _c453114 |
||
| 100 | _a20000503d1997 |||y0rusy50 ca | ||
| 101 | 0 | _arus | |
| 102 | _aRU | ||
| 105 | _aa ||||||||| | ||
| 200 | 1 |
_aИскусственные нейронные сети и их применение в системах автоматического управления _eУчеб. пособие _fВ. А. Терехов, Д. В. Ефимов, И. Ю. Тюкин _gМ-во общ. и проф. образования РФ, С.-Петерб. гос. электротехн. ун-т |
|
| 210 |
_aСПб. _cГЭТУ _d1997 |
||
| 215 |
_a63 с. _cил. _d20 |
||
| 320 | _aБиблиогр.: с. 58-59 (35 назв.) | ||
| 606 | 0 |
_aАвтоматическое управление и регулирование _jРуководства, пособия и т.п. для высшей школы _xСистемы _xИскусственные нейронные сети _92167429 _3RU\NLR\auth\661304013 |
|
| 606 | 0 |
_aСАУ _jУчебные издания для высшей школы _xТеория _xИскусственных нейронных сетей методы _92167428 _3RU\NLR\AUTH\661304012 |
|
| 686 | _aЗ973.230.2я73-1 | ||
| 700 | 1 |
_aТерехов _bВ. А. _gВалерий Александрович _4070 |
|
| 701 | 1 |
_4070 _7ca _8rus _aЕфимов _bД. В. _cд-р техн. наук _f1975- _gДенис Валентинович _9257472 _3RU\NLR\AUTH\770257528 |
|
| 701 | 1 |
_aТюкин _bИ. Ю. _gИван Юрьевич _4070 |
|
| 801 | 0 |
_aRU _bNLR _c20000503 _gPSBO |
|
| 801 | 1 |
_aRU _bNLR _c20000503 |
|
| 830 | _aАвт. раскрыты по кн. | ||
| 852 |
_aNLR _j2000-4/2066 |
||
| 942 | _cBOOK | ||
| 980 | _aNB | ||